<?xml version="1.0" encoding="UTF-8"?>
<record
    xmlns:xsi="http://www.w3.org/2001/XMLSchema-instance"
    xsi:schemaLocation="http://www.loc.gov/MARC21/slim http://www.loc.gov/standards/marcxml/schema/MARC21slim.xsd"
    xmlns="http://www.loc.gov/MARC21/slim">

  <leader>01278nam a2200217Ia 4500</leader>
  <controlfield tag="001">114195</controlfield>
  <controlfield tag="003">DR-UNIBE</controlfield>
  <controlfield tag="005">20251111115417.0</controlfield>
  <controlfield tag="008">251103b2001    dr ||||| |||| 00| 0 spa d</controlfield>
  <datafield tag="040" ind1=" " ind2=" ">
    <subfield code="a">BIBLIOTECA UNIBE</subfield>
    <subfield code="c">BIBLIOTECA UNIBE</subfield>
    <subfield code="e">rda</subfield>
  </datafield>
  <datafield tag="082" ind1="0" ind2=" ">
    <subfield code="a">RD 720.2 P438e</subfield>
  </datafield>
  <datafield tag="100" ind1=" " ind2="0">
    <subfield code="a">P&#xE9;rez Mont&#xE1;s, Eugenio, </subfield>
    <subfield code="d">1933 -</subfield>
    <subfield code="e">autor</subfield>
    <subfield code="9">18260</subfield>
  </datafield>
  <datafield tag="245" ind1="0" ind2=" ">
    <subfield code="a">Ensayo cl&#xE1;sico : </subfield>
    <subfield code="b">reflexiones sobre el vitruvianismo en la historia de las ciudades /</subfield>
    <subfield code="c">Eugenio P&#xE9;rez Mont&#xE1;s</subfield>
  </datafield>
  <datafield tag="260" ind1="4" ind2=" ">
    <subfield code="a">Santo Domingo : </subfield>
    <subfield code="b">Centro de Altos Estudios Human&#xED;sticos y del Idioma Espa&#xF1;ol : </subfield>
    <subfield code="b">Patronato de la Ciudad Colonial : </subfield>
    <subfield code="b">Secretar&#xED;a de Estado de Cultura,</subfield>
    <subfield code="c">2001</subfield>
  </datafield>
  <datafield tag="300" ind1="4" ind2=" ">
    <subfield code="a">232 p&#xE1;ginas : </subfield>
    <subfield code="b"> ilustraciones, mapas</subfield>
  </datafield>
  <datafield tag="505" ind1=" " ind2=" ">
    <subfield code="a"> El ensayo. Proleg&#xF3;menos |
 De los diez libros de Vitruvio a los diez libros de Alberti |
 De los libros de Serlio a los cuatro libros de Palladio |
 Vitruvianismo de segunda y tercera generaci&#xF3;n |
 El vitruvianismo en Espa&#xF1;a |
 Los tres Caribes y Santo Domingo |
 Historiograf&#xED;a, neoclasicismo y vitruvianismo de cuarta y quinta generaci&#xF3;n |
 El lenguaje cl&#xE1;sico y vitruvianismo de sexta generaci&#xF3;n |
</subfield>
  </datafield>
  <datafield tag="600" ind1=" " ind2="0">
    <subfield code="a">Vitruvio, Marco Lucio</subfield>
    <subfield code="9">120115</subfield>
  </datafield>
  <datafield tag="650" ind1=" " ind2="7">
    <subfield code="2">lemb</subfield>
    <subfield code="a">Arquitectura</subfield>
    <subfield code="x">Historia </subfield>
    <subfield code="9">1603</subfield>
  </datafield>
  <datafield tag="942" ind1=" " ind2=" ">
    <subfield code="c">BK</subfield>
    <subfield code="2">ddc</subfield>
  </datafield>
  <datafield tag="951" ind1=" " ind2=" ">
    <subfield code="a">20070614 13:47:13</subfield>
  </datafield>
  <datafield tag="999" ind1=" " ind2=" ">
    <subfield code="c">114195</subfield>
    <subfield code="d">114195</subfield>
  </datafield>
  <datafield tag="952" ind1=" " ind2=" ">
    <subfield code="0">0</subfield>
    <subfield code="1">0</subfield>
    <subfield code="2">ddc</subfield>
    <subfield code="7">0</subfield>
    <subfield code="8">GEN-RD</subfield>
    <subfield code="a">Principal</subfield>
    <subfield code="b">Principal</subfield>
    <subfield code="d">2025-11-17</subfield>
    <subfield code="l">0</subfield>
    <subfield code="o">RD 720.2 P438e</subfield>
    <subfield code="p">251071</subfield>
    <subfield code="r">2025-11-17 14:37:37</subfield>
    <subfield code="t">Ej. 1</subfield>
    <subfield code="w">2025-11-17</subfield>
    <subfield code="y">BK</subfield>
  </datafield>
</record>
